000 00297nam a22001337a 4500
008 171009b xxu||||| |||| 00| 0 eng d
020 _a0201005697
041 _aeng
080 _22ND
_a159.9
100 _a49
101 _aPSI
245 _aINTERPERSONAL ATTRACTION
_cWALSTER,B
942 _2udc
_cBK
999 _c32461
_d32461